00758nam a2200193Ia 450000100060000000800390000608200110004510000230005624501210007925000110020026000380021130000180024965300130026765300710028065300150035194200120036695201690037899900170054765304220316n ii |||gr||||Z||||||asm a891.41 aSarma, Sanjeeb Kr. 0aRajanikanta Bardoloir Derasha Basoriya Janmajayanti Smarak GranthacBy Edited by Sanjeeb Kr SarmahTextual Documents aFirst. aAssambAssam Sahitya Sabhac2018. a270pg:c23cm. aAssamese aRajanikanta Bardoloir Derasha Basoriya Janmajayanti Smarak Grantha aG-Assamese 2ddccBK 001040708General aSKBLbSKBLcG-Assamesed2022-03-16f00000g250.00l1o891.41 Sa 93 Rap2517/cuq2026-05-19r2026-04-27 11:49:03s2026-04-27t1w2022-03-16yBK c66404d66404